Islands That Start with B - Statistics

General Stats
  • This quiz has been taken 53 times
    32 since last reset
  • The average score is 10 of 15
Answer Stats
Hint Island % Correct
Main tourist island of Indonesia Bali
96%
Island divided between Indonesia, Malaysia and Brunei Borneo
96%
Easternmost country of the Caribbean Barbados
92%
British overseas territory in the North Atlantic (not in the Caribbean) Bermuda
92%
Island country in the Persian Gulf Bahrain
88%
Largest island in Canada Baffin
84%
Atoll in the Marshall Islands, formerly a U.S. nuclear testing site Bikini
80%
Spanish archipelago in the western Mediterranean, home of Ibiza {Balearic} Islands
76%
Island in French Polynesia, major tourist destination; consists of two repeated syllables {Bora}-{Bora}
76%
French island in Guadeloupe, (almost) same name as capital of St Kitts and Nevis; French for 'lowland' Basse-Terre
72%
Dutch island in the Caribbean, part of the ABC islands Bonaire
64%
5th largest island of Canada, in the Northwest Territories Banks
36%
Main island of Equatorial Guinea, containing its capital Malabo Bioko
36%
Indonesian island group in the province of Maluku; the world's only source of nutmeg and mace until the 19th century {Banda} Islands
20%
Venetian island known for lacework and colourful architecture Burano
16%
No matching quizzes found
Score Distribution
Percent of People with Each Score
Percentile by Number Answered
Your Score History
You have not taken this quiz since the last reset